000 00298nam a22001337a 4500
008 170130b xxu||||| |||| 00| 0 eng d
020 _a0721643132
041 _aeng
080 _a61
100 _a3
101 _aSHMI
245 _aHEMODYNAMIC WAVEFORM RECOGNITION
_cAHRENS, TH.S
942 _2udc
_cBK
999 _c3946
_d3946